Pro Janičku polka /

Hlavní autor: Balvín, Alois, 1901-1980
Další autoři: Vlášek, Oldřich, Topinka, Karel, 1887-1966, Černý, Rostislav, 1937-2015
Jazyk: Čeština
Vydáno: Praha : Panton, 1966
Vydání: 1. vyd.
Edice: Klub dobré dechovky (Panton)
Fyzický popis: 24 hlasů
Hudebniny Hudebniny
Uloženo v:
LEADER 01047ncm a22002892a 4500
001 000974055
003 CZ BrMZK
005 20220906115304.0
007 qu
008 080221s1966 xr |||||r|||||||| cze d
040 |a BOA001  |b cze 
072 7 |a 788  |x Hudba pro dechové nástroje  |2 Konspekt  |9 9 
100 1 |a Balvín, Alois,  |d 1901-1980  |7 ola2009488113  |4 cmp 
245 1 0 |a Pro Janičku  |h [hudebnina] :  |b polka /  |c Alois Balvín ; text Oldřich Vlášek.^^Havlovický valčík / Karel Topinka ; text Rostislav Černý 
250 |a 1. vyd. 
260 |a Praha :  |b Panton,  |c 1966 
300 |a 24 hlasů 
490 1 |a Klub dobré dechovky ;  |v 22 
700 1 |a Vlášek, Oldřich  |7 mzk2010599367  |4 lyr 
700 1 |a Topinka, Karel,  |d 1887-1966  |7 pna2005292206  |4 cmp 
700 1 |a Černý, Rostislav,  |d 1937-2015  |7 jk01021620  |4 lyr 
830 0 |a Klub dobré dechovky (Panton) 
910 |a BOA001  |b Mus1-0556.856 
990 |a MU 
995 |a 01 
991 |b 200910 
996 6 |b 2619448756  |c Mus1-0556.856  |l MZK  |r Sklad / do 1 hodiny  |n 0  |w 000974055  |u 000010  |a 1  |e BOA001  |j MZK50  |s P